00389nam a22001337a 450000500170000000800410001708200160005810000170007424500240009126000320011530000330014765000340018065000410021420240611114934.0240611b2005 |||||||| |||| 00| 0 eng d a305.42bRAJ aRaja, Fatima aBeijing 10 years on aLahore:bShirkat Gah,c2005 a83 p.bBibliography included aGENDER INEQUALITIES-Reduction aWomen participation-Social processes